Faculty of Law Library — Cairo University

Official Online Catalog

Essays on the Conflict of Laws / (Record no. 51168)

MARC details
000 -LEADER
fixed length control field 01087nam a2200313 i 4500
003 - CONTROL NUMBER IDENTIFIER
control field EG-GICUC
005 - DATE AND TIME OF LATEST TRANSACTION
control field 20260121101517.0
008 - FIXED-LENGTH DATA ELEMENTS--GENERAL INFORMATION
fixed length control field 251217s1954 -cn| ||fr|||| 001 0 eng d
040 ## - CATALOGING SOURCE
Original cataloging agency EG-GiCUC
Transcribing agency EG-GiCUC
Modifying agency EG-GiCUC
Description conventions rda
Language of cataloging eng
041 ## - LANGUAGE CODE
Language code of text/sound track or separate title eng
082 04 - DEWEY DECIMAL CLASSIFICATION NUMBER
Edition number 21
Classification number 341.84
Item number FA . E
092 04 - LOCALLY ASSIGNED DEWEY CALL NUMBER (OCLC)
Edition number 21
099 ## - LOCAL FREE-TEXT CALL NUMBER (OCLC)
Classification number Law1 12 341.84 FA . E 2 ed - 1954
100 1# - MAIN ENTRY--PERSONAL NAME
Personal name Falconbridge, John Delatre,
Dates associated with a name 1875-1968,
Relator term Author.
245 10 - TITLE STATEMENT
Title Essays on the Conflict of Laws /
Statement of responsibility, etc. by John Delatre Falconbridge.
250 ## - EDITION STATEMENT
Edition statement Second Edition.
264 #1 - PRODUCTION, PUBLICATION, DISTRIBUTION, MANUFACTURE, AND COPYRIGHT NOTICE
Place of production, publication, distribution, manufacture Toronto ; Ontario ; Canada :
Name of producer, publisher, distributor, manufacturer Canada Law Book Company Limited,
Date of production, publication, distribution, manufacture, or copyright notice 1954
300 ## - PHYSICAL DESCRIPTION
Extent xxii, 862 pages ;
Dimensions 24 cm.
336 ## - CONTENT TYPE
Source rda content
Content type term text
337 ## - MEDIA TYPE
Source rda media
Media type term Computer
338 ## - CARRIER TYPE
Source rda carrier
Carrier type term Online Resource
500 ## - GENERAL NOTE
General note Table of cases: pages xv-xxix.
504 ## - BIBLIOGRAPHY, ETC. NOTE
Bibliography, etc. note Includes bibliographical references and index.
546 ## - LANGUAGE NOTE
Language note Text in English
650 14 - SUBJECT ADDED ENTRY--TOPICAL TERM
Topical term or geographic name entry element conflict of laws
General subdivision Private international law
856 40 - ELECTRONIC LOCATION AND ACCESS
Uniform Resource Identifier <a href="https://fll.law.cu.edu.eg/fulltext/bks/B12-01576.pdf">https://fll.law.cu.edu.eg/fulltext/bks/B12-01576.pdf</a>
905 ## - Cataloger and Reviser Names
Cataloger Name: Rawan khaled
Revisor Name: Hassnaa
942 ## - ADDED ENTRY ELEMENTS (KOHA)
Source of classification or shelving scheme Dewey Decimal Classification
Koha item type Books
Edition 21
Suppress in OPAC No
Holdings
Withdrawn status Lost status Source of classification or shelving scheme Damaged status Not for loan Collection Home library Current library Date acquired Total checkouts Full call number Barcode Date last seen Copy number Price effective from Koha item type
    Dewey Decimal Classification   Not for loan القانون الدولي الخاص جــــامعة القــاهرة مكتبة كلية الحقوق - المبنى الرئيسي 17.12.2025   Law1 12 341.84 FA . E 2 ed - 1954 1201576 C1 B12-01576 17.12.2025 1 17.12.2025 Books

© All rights reserved — Faculty of Law, Cairo University